Obras Completas

Salvato in:
Dettagli Bibliografici
Autore principale: Bécquer, Gustavo Adolfo
Natura: Libro
Lingua:Undetermined
Pubblicazione: Madrid, España Aguilar 1942
Soggetti:
Tags: Aggiungi Tag
Nessun Tag, puoi essere il primo ad aggiungerne!!

MARC

LEADER 00000nam a2200000Ia 4500
008 170316s9999 xx 000 0 und d
040 |a cru BVZT 
090 |a 862 B-7o 
100 |a Bécquer, Gustavo Adolfo 
245 |a Obras Completas 
260 |a Madrid, España 
260 |b Aguilar 
260 |c 1942 
300 |a 724 páginas 
650 |a LITERATURA ESPAÑOLA 
999 |c 9580  |d 9580 
942 |c 15 D  |h 862 B-7o  |2 z